000 01195cam a2200349 4500
008 011015n2002 000 0 eng u
020 _a0406947961
035 _a(Sirsi) u115119
041 _aeng.
050 _a711.026
100 _aDuxbury, R. M. C.
245 _aTelling and Duxbury's planning law and procedure
250 _a12th ed.
260 _aLondon
_bButterworth
_c2002
300 _axlv,533p.
_c22cm.
350 _a23.95
520 _aA concise and accessible guide to the complexities of planning law. Covers the fundamentals of planning law in England and Wales, and analyses the key statutory provisions and relevant case law.
520 _aSuperseded by the 13th ed. (ISBN 0199288046)
650 _aPLANNING LAW
650 _aDEVELOPMENT PLANS
650 _aPLANNING PERMISSION
650 _aENVIRONMENTAL IMPACT ASSESSMENTS
650 _aPLANNING PERMISSION
650 _aPLANNING AGREEMENTS
650 _aPLANNING OBLIGATIONS
650 _aPURCHASE NOTICES
650 _aPLANNING CONTROL
650 _aPLANNING APPEALS
650 _aPLANNING COMPENSATION
690 _aENVIRONMENTAL AND LAND CONSULTANCY-PLANNING AND DEVELOPMENT
942 _n0
999 _c101711
_d101711